Brawl Stars - Nom des Brawleurs par le nom de leur ulti - Statistiques

Statistiques générales
  • Ce quiz a été pris 463 fois
  • Le résultat moyen est 31 sur 84
Statistiques - réponses
Hint Réponse % Correct
Chewing-Balle Billie
92%
Robo-Rats Ash
78%
Pluie de Roquettes Brock
74%
Bulldozer Bull
67%
Machine de Moe Moe
66%
Chauve-Souris Mortis
66%
Épiné sur Place Spike
65%
Tchou Tchou ! Chuck
64%
Slashimi Kenji
63%
Solo Draconique Draco
60%
Bombe de Grom Grom
60%
Super Chevrotine Shelly
59%
Flipper Tonneau Darryl
58%
Onde de Choc Maisie
57%
Rayon Sucré Mandy
57%
Pyromane Ambre
56%
Tempête de Sable Emeri
54%
Ruche d’Acier Béa
53%
Haie Wally
53%
Pluie de Balles Colt
52%
Tonneau qui fait BOOM Dynamike
52%
Cocon Charlie
51%
Portails Dimensionnels Gray
49%
Mega Machina Meg
49%
Mon ami Spooky Gus
48%
A vos Marques ! Max
47%
Travaux en Cours Jacky
45%
Fumigène Leon
45%
Piste de Glisse Lou
44%
Poings Explosifs Sam
42%
Tournée Générale Bartaba
41%
Coup de Coude Explosif El Costo
41%
Point Faible Belle
40%
Peau Dure Rosa
39%
Amplificateur de Dégâts A.R.K.A.D.
37%
Bon vieux Boulet Penny
37%
Marais Empoisonné Angelo
36%
Tour de Main D’jinn
36%
Torpilles-Chercheuses Hank
36%
Forte Tête Tick
36%
Surprise, surprise ! Chester
35%
Coup de vent Gael
35%
Montage Buster
34%
Crème de la crème Berry
33%
Explosion de Vapeur Pearl
33%
Mal Léché Nita
32%
Largage Aérien Medor
31%
Ami pour la Vie Kit
30%
Refrain Entêtant Melody
30%
Saut Vertigineux Mico
30%
Belle Baballe Squeak
30%
Parasite Willow
30%
Survol Corbac
28%
Contrôle à distance Nani
27%
Boost Nitro Stu
27%
Ici c’est chez Moi Cordelius
25%
Rappel Poco
25%
Wagon-Tamponneur Carl
24%
Bagarreuse Jessie
24%
Et Hop ! Polly
24%
Renard Malin Bo
23%
Traitement de Choc Byron
23%
Torgnole Etourdissante Frank
23%
Crescendo Janet
23%
Appel de Renforts Larry & Lawrie
22%
Poutou Magique Pam
22%
Pesanteur Tara
22%
Étoile Filante Bonnie
21%
Déclaration de… Revenez ! Colette
21%
Megalomane Lola
21%
Attaque des Porteurs Monsieur M.
21%
Double Ration Doug
20%
Mode Fiesta Surge
20%
Emmagasinage Edgar
19%
Snooker Ricochet
19%
Baby Boom Eve
18%
Lancer de Torpille Buzz
17%
Émergence Lily
17%
Charisme Caustique Eliz@
16%
Coup sur Coup Fang
15%
Bonne Étoile Otis
15%
Torrent Clancy
13%
Cache-Cache R-T
12%
Retrait Griff
9%
Aucun quiz correspondant
Distribution des résultats
% des personnes avec chaque résultat
Percentile par nombre de réponses
Votre historique - résultats
Vous n’avez pas pris ce quiz